Meranie likvidity bankového sektora
Analýza likvidity bankového sektora je zameraná na: 1. zmenu výšky rezerv obchodných bánk v centrálnej banke, 2. zmenu situácie v likvidite bánk (voľné rezervy). Vymedzenie voľných rezerv (aktíva obchodných bánk).
Guardado en:
| Autor principal: | |
|---|---|
| Formato: | Capítulo de libro |
| Lenguaje: | eslovaco |
| Materias: | |
| Etiquetas: |
Sin Etiquetas, Sea el primero en etiquetar este registro!
|
MARC
| LEADER | 00000naa a2200000 4500 | ||
|---|---|---|---|
| 001 | r018583 | ||
| 005 | 20221213095402.2 | ||
| 041 | 0 | |a slo | |
| 044 | |a SK | ||
| 245 | 1 | 0 | |a Meranie likvidity bankového sektora |c Peter Dovčiak |
| 520 | |a Analýza likvidity bankového sektora je zameraná na: 1. zmenu výšky rezerv obchodných bánk v centrálnej banke, 2. zmenu situácie v likvidite bánk (voľné rezervy). Vymedzenie voľných rezerv (aktíva obchodných bánk). | ||
| 610 | 2 | 0 | |a bankovníctvo |
| 610 | 2 | 0 | |a likvidita |
| 610 | 2 | 0 | |a banky emisné |
| 610 | 2 | 0 | |a banky obchodné |
| 610 | 2 | 0 | |a rezervy |
| 610 | 2 | 0 | |a báza menová |
| 610 | 2 | 0 | |a aktíva |
| 610 | 2 | 0 | |a papiere cenné |
| 610 | 2 | 0 | |a úver bankový |
| 100 | 1 | |a Dovčiak, Peter | |